000 02709cam a2200289 4500500
005 20260405001804.0
041 _afre
042 _adc
100 1 0 _aNebel, Mathias
_eauthor
245 0 0 _aUne topologie de l’intentionnalité
260 _c2026.
500 _a5
520 _aCet essai propose une cartographie de l’intentionnalité en théologie morale, en mobilisant une approche narrative et topographique. En suivant l’exemple récurrent de frère Martin, moine cistercien se levant pour prier vigiles, l’essai explore les diverses strates de l’intention : de la volonté d’une fin particulière à l’articulation de l’intériorité et de l’action, en passant par l’attribution de responsabilité, les influences collectives, les habitus, et enfin la visée d’une fin ultime. L’intentionnalité y est décrite non seulement comme un acte de volonté, mais comme un processus dynamique structurant l’identité narrative de la personne. En croisant les apports de la phénoménologie, de la philosophie analytique et de la théologie, l’auteur met en lumière la dimension théologale de l’intention et l’originalité du jugement en théologie morale, compris comme reconnaissance et reconfiguration de la personne par le Christ.
520 _aThis essay proposes a mapping of intentionality in moral theology, employing a narrative and topographical approach. Using the recurring example of Brother Martin, a Cistercian monk rising to pray vigils, the essay explores the various layers of intention: from the desire for a particular end to the articulation of interiority and action, through the attribution of responsibility, collective influences, habitus, and finally the pursuit of an ultimate end. Intentionality is described not only as an act of will, but as a dynamic process that structures a person’s narrative identity. By combining insights from phenomenology, analytical philosophy and theology, the author sheds light on the theological dimension of intention and the originality of judgement in moral theology, which are understood as the recognition and reconfiguration of the person by Christ.
690 _aconscience
690 _ajugement moral
690 _ajugement théologique
690 _amorale de l’intention
690 _apardon
690 _aconscience
690 _aforgiveness
690 _amoral judgment
690 _amorality of intention
690 _atheological judgment
786 0 _nRevue d'éthique et de théologie morale | 332 | 2 | 2026-03-04 | p. 97-111 | 1266-0078
856 4 1 _uhttps://shs.cairn.info/revue-revue-d-ethique-et-de-theologie-morale-2026-2-page-97?lang=fr&redirect-ssocas=7080
999 _c2051079
_d2051079